[Event "AUTO-INT-1281"]
[Site "http://www.queenalice.com/game.php?id=575881"]
[Date "2009.4.22"]
[Round "1"]
[White "donnybaby"]
[Black "edisonbater"]
[Result "0-1"]
[WhiteElo "1719"]
[BlackElo "1488"]

1. e3 e5 2. c3 Nc6 3. a3 d5 4. Bb5 a6 5. Bxc6+ bxc6 6. h3 Bf5 7. h4 Nf6 8. h5
Bg4 9. Qa4 Qd7 10. h6 g6 11. f3 Bf5 12. g4 Be6 13. Nh3 Bxh6 14. g5 Bxh3 15. Qh4
Bxg5 16. Qxh3 Qd6 17. d3 O-O 18. a4 Rad8 19. Na3 Rfe8 20. Rg1 d4 21. e4 Bxc1 22.
Rxc1 c5 23. Nc4 Qc6 24. b3 a5 25. Rb1 dxc3 26. Nxa5 Qb6 27. Nc4 Qb4 28. Ke2 c2
29. Rb2 Qc3 30. Qf1 Rxd3 31. Qc1 Red8 32. Rxc2 Qxb3 33. Nxe5 R3d6 34. Re1 Qxa4
35. Rxc5 Nd7 36. Rc4 Qa6 37. Nxd7 R6xd7 38. Kf2 Rd2+ 39. Kg1 Qf6 0-1

[Event "AUTO-INT-1281"]
[Site "http://www.queenalice.com/game.php?id=575882"]
[Date "2009.4.22"]
[Round "1"]
[White "edisonbater"]
[Black "donnybaby"]
[Result "0-1"]
[WhiteElo "1530"]
[BlackElo "1634"]

1. e4 e6 2. Nf3 c6 3. Bc4 b5 4. Bb3 a5 5. a4 b4 6. Ne5 d6 7. Nxf7 Kxf7 8. d3 Ke8
9. c3 bxc3 10. bxc3 h5 11. Qf3 Na6 12. Be3 Nf6 13. Nd2 Nc5 14. Bc4 d5 15. exd5
exd5 16. Ba2 Nxd3+ 17. Ke2 Ba6 18. c4 Ne5 19. Qf5 Bd6 20. Rhe1 dxc4 21. Kf1 c3+
22. Kg1 cxd2 23. Bxd2 Qe7 24. Bxa5 Bc8 25. Bc3 Bxf5 26. Rad1 Rxa4 27. Bb3 Ra3
28. Rb1 Bxb1 29. Rxb1 Bb4 30. Bxb4 Qa7 31. Bc3 Nd3 32. Be1 Ng4 33. Be6 Nxe1 34.
Rxe1 Qxf2+ 35. Kh1 Qxe1# 0-1

[Event "AUTO-INT-1281"]
[Site "http://www.queenalice.com/game.php?id=575897"]
[Date "2009.4.22"]
[Round "1"]
[White "juim"]
[Black "edisonbater"]
[Result "1-0"]
[WhiteElo "1642"]
[BlackElo "1552"]

1. e4 e5 2. d3 Nc6 3. Nf3 h6 4. Be2 Bb4+ 5. Bd2 Nf6 6. Bxb4 Nxb4 7. Nxe5 O-O 8.
Nc3 c6 9. O-O Qc7 10. Nc4 d5 11. e5 Nh7 12. Nd6 Be6 13. Bg4 Bxg4 14. Qxg4 Nxc2
15. Rac1 Nb4 16. Qxb4 b5 17. Nxd5 Qd7 18. Ne3 Qe6 19. Ng4 Qxa2 20. Rxc6 a6 21.
Rcc1 Rab8 22. Ra1 Qd5 23. Rxa6 Qxd3 24. Qc3 Qe2 25. Qg3 Qxb2 26. Nxh6+ Kh8 27.
Ndxf7+ Rxf7 28. Nxf7+ Kg8 29. e6 Nf6 30. Qxb8+ Kh7 31. Ra7 b4 32. Qh8+ Kg6 33.
Nd6 b3 34. Qxg7+ Kh5 35. Ra5+ Kh4 36. Qg3# 1-0

[Event "AUTO-INT-1281"]
[Site "http://www.queenalice.com/game.php?id=575898"]
[Date "2009.4.22"]
[Round "1"]
[White "edisonbater"]
[Black "juim"]
[Result "0-1"]
[WhiteElo "1521"]
[BlackElo "1664"]

1. e4 d5 2. Nc3 dxe4 3. Nxe4 Bf5 4. Nc3 Nc6 5. Bb5 Bd7 6. Qf3 Nf6 7. Nce2 e6 8.
a3 Bd6 9. d4 O-O 10. Bg5 Be7 11. Nh3 a6 12. Bd3 Nxd4 13. Nxd4 Bc6 14. Qg3 g6 15.
Bh6 Re8 16. Nxe6 Qd7 17. Bf5 Bd6 18. Qg5 Rxe6+ 19. Bxe6 Qxe6+ 20. Kf1 Ne4 21.
Qa5 Qf6 22. g3 Bd7 23. Nf4 Bc6 24. Rd1 Bb5+ 25. Kg2 g5 26. Bxg5 Qxg5 27. Rhe1 b6
28. h4 Qe7 29. Nd5 Qe5 30. Rxe4 Qxe4+ 31. Kh2 Qxc2 32. Qe1 Bc5 33. Rd2 Qf5 34.
Nxc7 Rc8 35. b3 Bd7 36. Nxa6 Bxa3 37. Qd1 Qh3+ 38. Kg1 Rc1 39. Qxc1 Bxc1 40.
Rxd7 Qxd7 41. Nb8 Qb5 42. Nd7 Qxd7 43. Kh2 f5 44. f4 Be3 45. b4 Qd1 46. Kh3 Qh1#
0-1

[Event "AUTO-INT-1281"]
[Site "http://www.queenalice.com/game.php?id=575907"]
[Date "2009.4.22"]
[Round "1"]
[White "aldav"]
[Black "edisonbater"]
[Result "0-1"]
[WhiteElo "1575"]
[BlackElo "1464"]

1. d4 d5 2. e3 Nc6 3. Bb5 a6 4. Bxc6+ bxc6 5. b3 Nf6 6. c4 Bg4 7. Ne2 g6 8. Nbc3
Bg7 9. Qd2 O-O 10. c5 e6 11. O-O Ne4 12. Nxe4 dxe4 13. Ng3 Qg5 14. Nxe4 Qd5 15.
f3 Bh5 16. Nc3 Qd7 17. Bb2 Rfe8 18. Ne4 Rad8 19. Ng3 e5 20. Nxh5 gxh5 21. Rad1
h4 22. h3 Re6 23. f4 e4 24. Qe2 Rg6 25. Qxa6 Qxh3 26. Rf2 Qxe3 27. Qe2 Qg3 28.
Qxe4 h3 29. Rdd2 h2+ 30. Kh1 Rd5 31. Rd3 Qh4 32. Rh3 Qxf2 0-1

[Event "AUTO-INT-1281"]
[Site "http://www.queenalice.com/game.php?id=575908"]
[Date "2009.4.22"]
[Round "1"]
[White "edisonbater"]
[Black "aldav"]
[Result "1-0"]
[WhiteElo "1492"]
[BlackElo "1575"]

1. e4 e5 2. Nf3 d6 3. Bb5+ Bd7 4. Bc4 h6 5. a3 Nf6 6. d3 Be7 7. O-O a5 8. Nc3 c6
9. Be3 b5 10. Ba2 a4 11. b3 c5 12. bxa4 b4 13. axb4 cxb4 14. Nb5 O-O 15. Bb3
Bxb5 16. axb5 Nbd7 17. Re1 Nc5 18. Bc4 Ra3 19. Bd2 Qa5 20. d4 Ncxe4 21. Rxa3
Qxa3 22. Re3 Qa5 23. c3 Nxd2 24. Qxd2 bxc3 25. Qc2 exd4 26. Rxe7 Re8 27. Rxf7
Kh8 28. Qg6 Qa1+ 29. Bf1 Rg8 30. Nxd4 d5 31. Ne6 Ne8 32. Nf8 Nf6 33. Rxf6 1-0

[Event "Challenge"]
[Site "http://www.queenalice.com/game.php?id=576586"]
[Date "2009.4.23"]
[Round "-"]
[White "gessi86"]
[Black "edisonbater"]
[Result "0-1"]
[WhiteElo "1189"]
[BlackElo "1521"]

1. d4 c5 2. dxc5 e5 3. e4 Bxc5 4. Nf3 Qe7 5. Qd5 Bd6 6. Bc4 Nh6 7. Nc3 a6 8. h3
Nc6 9. b3 b5 10. Be2 O-O 11. a4 Bb7 12. Ba3 b4 13. Rd1 Nd4 14. Qc4 Nxc2+ 15. Kd2
Nxa3 16. Qd5 Bxd5 17. exd5 bxc3+ 18. Kxc3 Rfc8+ 19. Bc4 Rab8 20. h4 Bb4+ 21. Kd3
e4+ 22. Kd4 Nc2# 0-1

[Event "Challenge"]
[Site "http://www.queenalice.com/game.php?id=577261"]
[Date "2009.4.25"]
[Round "-"]
[White "edisonbater"]
[Black "gessi86"]
[Result "0-1"]
[WhiteElo "1598"]
[BlackElo "1224"]

1. e4 e5 2. Nf3 d6 3. a3 Nf6 4. Bb5+ c6 5. Bc4 d5 6. Bb3 Nxe4 7. Qe2 Bf5 8. Nxe5
Qe7 9. d4 Nd7 10. Bf4 f6 11. Qh5+ g6 12. Nxg6 hxg6 13. Qxh8 Nb6 14. O-O g5 15.
Be3 a5 16. Nc3 Kd7 17. Qg8 Bh7 18. Nxd5 cxd5 19. Qxd5+ Nxd5 20. Bxd5 Kd6 21.
Bxb7 Qxb7 22. Rfe1 Qxb2 23. Rad1 Rc8 24. Rb1 Qxc2 25. Rb6+ Rc6 26. Rc1 Qa4 27.
Rcb1 Ke6 28. Rxc6+ Qxc6 29. g3 Nxf2 30. Bxf2 Bxb1 31. g4 Bxa3 32. h4 gxh4 33.
Bxh4 Qe4 34. d5+ Qxd5 35. g5 fxg5 36. Bf2 Bc5 37. Bxc5 Qxc5+ 38. Kg2 g4 39. Kg3
Qg1+ 40. Kf4 g3 41. Kf3 Qe1 42. Kg2 Be4+ 43. Kh3 g2 44. Kg4 g1=Q+ 45. Kh3 Qg2#
0-1

[Event "Cv x FAB"]
[Site "http://www.queenalice.com/game.php?id=577982"]
[Date "2009.4.26"]
[Round "-"]
[White "PedroNRF"]
[Black "edisonbater"]
[Result "1-0"]
[WhiteElo "1731"]
[BlackElo "1540"]

1. d4 c5 2. d5 d6 3. e4 Nf6 4. c3 Nxe4 5. Qa4+ b5 6. Qxe4 f5 7. Bxb5+ Bd7 8.
Bxd7+ Qxd7 9. Qf3 g6 10. c4 Bg7 11. Ne2 O-O 12. Nf4 Qb7 13. Nc3 Qb4 14. Qe2
Bxc3+ 15. Kf1 Bd4 16. Ne6 Rc8 17. Rb1 Qa4 18. b3 Qd7 19. h4 h5 20. Rh3 Na6 21.
a3 Rab8 22. Rg3 Be5 23. Rxg6+ Kf7 24. Rg7+ Bxg7 25. Bh6 Rh8 26. Bxg7 Rhg8 27.
Qxh5# 1-0

[Event "3S SAI x DACTA"]
[Site "http://www.queenalice.com/game.php?id=577984"]
[Date "2009.4.26"]
[Round "-"]
[White "edisonbater"]
[Black "PedroNRF"]
[Result "0-1"]
[WhiteElo "1492"]
[BlackElo "1782"]

1. e4 e5 2. Nf3 Qf6 3. c4 Bc5 4. a3 d6 5. Nc3 Bg4 6. h3 Bxf3 7. gxf3 Qh4 8. Rh2
Nc6 9. Qa4 Ne7 10. d3 a6 11. Bd2 O-O 12. O-O-O Nd4 13. Be3 Nxf3 14. Rh1 Bd4 15.
Nd5 Nxd5 16. cxd5 b5 17. Qa5 Rfc8 18. Bg2 Bb6 19. Qc3 Nd4 20. Rdf1 Ne2+ 21. Kd2
Nxc3 22. bxc3 c5 23. Rfg1 a5 24. Bf3 Rab8 25. Rg4 Qe7 26. h4 c4 27. Be2 Qa7 28.
h5 b4 29. axb4 Bxe3+ 30. fxe3 axb4 31. h6 bxc3+ 32. Kc2 Rb2+ 33. Kxc3 Qa3# 0-1

[Event "Challenge"]
[Site "http://www.queenalice.com/game.php?id=578233"]
[Date "2009.4.26"]
[Round "-"]
[White "edisonbater"]
[Black "subzila"]
[Result "0-1"]
[WhiteElo "1522"]
[BlackElo "1613"]

1. e4 e5 2. Nf3 Nc6 3. a3 Bc5 4. g3 d5 5. Nc3 dxe4 6. Nxe4 Bb6 7. Bb5 Ne7 8.
Nfg5 O-O 9. Qh5 h6 10. Nf3 Qd5 11. Nc3 Nd4 12. Nxd5 Nxd5 13. Bd3 Nxf3+ 14. Qxf3
c6 15. Qe4 f6 16. Qh7+ Kf7 17. Bg6+ Ke6 18. Qxg7 Bd7 19. Qxh6 Kd6 20. c4 Nc7 21.
d3 Bg4 22. O-O Na6 23. Bd2 Bd4 24. Bc3 Bxc3 25. bxc3 Nc5 0-1

[Event "BATER E APANHAR"]
[Site "http://www.queenalice.com/game.php?id=579283"]
[Date "2009.4.28"]
[Round "-"]
[White "perucona"]
[Black "edisonbater"]
[Result "1-0"]
[WhiteElo "1553"]
[BlackElo "1494"]

1. e4 e5 2. d4 Bb4+ 3. c3 Ba5 4. Nf3 Nf6 5. dxe5 Nxe4 6. Nd4 Qh4 7. g3 Qe7 8.
Bd3 Ng5 9. f4 Nh3 10. Bf1 d6 11. Bxh3 Bxh3 12. Na3 a6 13. Nf3 h6 14. Nc4 Nc6 15.
Nxa5 Nxa5 16. Be3 Nc4 17. Qe2 b5 18. b3 Na3 19. O-O-O O-O 20. Nh4 dxe5 21. f5 c5
22. Nf3 Bxf5 23. h3 e4 24. Nh4 Qe5 25. Nxf5 Qxc3+ 26. Qc2 1-0

[Event "Challenge"]
[Site "http://www.queenalice.com/game.php?id=579812"]
[Date "2009.4.29"]
[Round "-"]
[White "DANTCHESSMART"]
[Black "edisonbater"]
[Result "1-0"]
[WhiteElo "1705"]
[BlackElo "1551"]

1. e4 e5 2. f4 Nc6 3. Nf3 Bd6 4. Nc3 Nf6 5. fxe5 Bxe5 6. d4 Bd6 7. e5 Bb4 8.
exf6 Qxf6 9. Bc4 O-O 10. O-O d6 11. Nd5 Qd8 12. Ng5 h6 13. Nxf7 Qh4 14. Nxb4
Nxb4 15. Nxh6+ Kh8 16. Rxf8+ Kh7 17. Bd3+ g6 18. Rf7+ Kh8 19. Bxg6 Be6 20. Rh7#
1-0

[Event "SUBTIL VIII"]
[Site "http://www.queenalice.com/game.php?id=580234"]
[Date "2009.4.30"]
[Round "-"]
[White "perucona"]
[Black "edisonbater"]
[Result "1-0"]
[WhiteElo "1567"]
[BlackElo "1480"]

1. e4 e5 2. d4 Nc6 3. d5 Nd4 4. c3 Nb5 5. c4 Nd4 6. Be3 Nf6 7. Bxd4 exd4 8. Qxd4
d6 9. e5 Nd7 10. Nf3 c5 11. Qc3 Nxe5 12. Nxe5 dxe5 13. Qxe5+ Be7 14. Bd3 O-O 15.
O-O Bd6 16. Qe3 Qh4 17. g3 Qh5 18. Be2 Qg6 19. Nc3 a6 20. Bd3 Bf5 21. Bxf5 Qxf5
22. Rfe1 g6 23. Re2 Rfe8 24. Qd2 1-0

[Event "Challenge"]
[Site "http://www.queenalice.com/game.php?id=580529"]
[Date "2009.4.30"]
[Round "-"]
[White "montelo"]
[Black "edisonbater"]
[Result "1-0"]
[WhiteElo "1700"]
[BlackElo "1512"]

1. e4 e5 2. Qh5 Nc6 3. Qf3 Nf6 4. Bc4 a6 5. Nh3 Nd4 6. Qc3 Nxe4 7. Qd3 Qf6 8.
Qxe4 Nxc2+ 9. Qxc2 Bc5 10. d3 c6 11. Ng5 Qxf2+ 12. Qxf2 Bxf2+ 13. Kxf2 d5 14.
Bb3 h6 15. Nf3 f6 16. Re1 O-O 17. Nbd2 Bf5 18. d4 e4 19. Nh4 Be6 20. Ng6 Rfe8
21. Re3 b5 22. Rg3 1-0

[Event "Challenge"]
[Site "http://www.queenalice.com/game.php?id=580530"]
[Date "2009.4.30"]
[Round "-"]
[White "edisonbater"]
[Black "montelo"]
[Result "0-1"]
[WhiteElo "1524"]
[BlackElo "1708"]

1. e4 e5 2. Nf3 Nc6 3. a3 Nf6 4. Nc3 Bc5 5. Bb5 Ng4 6. d4 exd4 7. Nxd4 Nxd4 8.
Bd3 Qf6 9. Qxg4 Nxc2+ 10. Bxc2 Qxf2+ 11. Kd1 g6 12. Nd5 d6 13. Nxc7+ Kd8 14.
Qg5+ Kxc7 15. Qe7+ Bd7 16. Ba4 Qd4+ 17. Bd2 Qxa4+ 18. Ke1 f5 19. e5 Kc6 20. e6
Bxe6 21. Qg5 Qe4+ 22. Kd1 Bb3+ 23. Kc1 Qc2# 0-1

[Event "Challenge"]
[Site "http://www.queenalice.com/game.php?id=582588"]
[Date "2009.5.4"]
[Round "-"]
[White "edisonbater"]
[Black "Prestow"]
[Result "0-1"]
[WhiteElo "1568"]
[BlackElo "1577"]

1. e4 e5 2. Nf3 Bd6 3. Bc4 h6 4. Nc3 Nf6 5. a3 O-O 6. d3 Nc6 7. Be3 a6 8. Qe2 b5
9. Bb3 Bb7 10. O-O-O Re8 11. h3 Na5 12. Bd5 Bxd5 13. exd5 Qb8 14. g4 e4 15. Nd4
Qb7 16. h4 Nxd5 17. Nxd5 Qxd5 18. dxe4 Qa2 19. Kd2 Qxb2 20. g5 Nc4+ 21. Ke1 Bxa3
22. gxh6 Bb4+ 23. Kf1 g6 24. h5 Rxe4 25. hxg6 fxg6 26. h7+ Kh8 27. Kg2 Rae8 28.
Bg5 R8e6 29. Bf6+ Rxf6 30. Qxe4 Qc3 31. Qd5 Rf8 32. Qxd7 Bd6 33. Rd3 Ne5 34. Qe6
Qc4 35. Qxc4 Nxc4 36. Ne6 Rf7 37. Rg3 Bxg3 38. fxg3 Ne3+ 39. Kh3 Rxh7# 0-1

[Event "Challenge"]
[Site "http://www.queenalice.com/game.php?id=587411"]
[Date "2009.5.12"]
[Round "-"]
[White "cristianrc"]
[Black "edisonbater"]
[Result "1-0"]
[WhiteElo "1930"]
[BlackElo "1532"]

1. e4 e5 2. Nf3 Nc6 3. d4 d6 4. Bc4 a6 5. Ng5 Nh6 6. c3 b5 7. Bd5 Be7 8. Bxc6+
Bd7 9. Bxa8 Qxa8 10. O-O O-O 11. d5 Bxg5 12. Bxg5 c6 13. Bxh6 gxh6 14. Qh5 1-0

[Event "Challenge"]
[Site "http://www.queenalice.com/game.php?id=588808"]
[Date "2009.5.15"]
[Round "-"]
[White "MASTROIANNI"]
[Black "edisonbater"]
[Result "1-0"]
[WhiteElo "1429"]
[BlackElo "1511"]

1. d4 c5 2. Nf3 cxd4 3. Qxd4 Nc6 4. Qc3 d5 5. Bf4 Bf5 6. e3 g6 7. Qxh8 Nf6 8.
Bg5 Bxc2 9. Bxf6 exf6 10. Qxh7 Nb4 11. a3 Qa5 12. Nc3 Nd3+ 13. Bxd3 Bxd3 14. Rd1
Qa6 15. Qh4 Qb6 16. Qa4+ Kd8 17. Rxd3 Qxb2 18. Rxd5+ Kc8 19. Qd7+ Kb8 20. Qd8#
1-0

[Event "Iaeeeeeeeeeeeeeeeeeeeeeeeeeeeeee"]
[Site "http://www.queenalice.com/game.php?id=588993"]
[Date "2009.5.16"]
[Round "-"]
[White "edisonbater"]
[Black "gessi86"]
[Result "1-0"]
[WhiteElo "1518"]
[BlackElo "1204"]

1. e4 e6 2. Nf3 Qh4 3. Nxh4 Nc6 4. Bc4 Nf6 5. Nf3 Bc5 6. c3 Nxe4 7. d4 Bb6 8.
Ne5 d5 9. Bb5 f6 10. Bxc6+ bxc6 11. Qh5+ g6 12. Nxg6 Rg8 13. Qxh7 Rf8 14. Qe7#
1-0